Tenencia y uso de la tierra, su incidencia en la utilización de mano de obra agrícola, caso: Ahuachapán, El Salvador /
Sin resumen
Guardado en:
| Autor principal: | |
|---|---|
| Formato: | Tesis |
| Publicado: |
San Salvador :
|
| Etiquetas: |
Agregar Etiqueta
Sin Etiquetas, Sea el primero en etiquetar este registro!
|
MARC
| LEADER | 00000 a a2200000 04500 | ||
|---|---|---|---|
| 001 | 19603 | ||
| 003 | |||
| 040 | |a CRAI/IIS |c CRAI/IIS | ||
| 090 | |a 07802.00 | ||
| 100 | |a Tuna Velasco, Claudio | ||
| 245 | |a Tenencia y uso de la tierra, su incidencia en la utilización de mano de obra agrícola, caso: |b Ahuachapán, El Salvador / |c Claudio Tuna Velasco | ||
| 260 | |a San Salvador : | ||
| 300 | |a 143 páginas | ||
| 502 | |a Tesis (Licenciado en Economía) -- Universidad Centroamericana José Simeón Cañas, 1974 | ||
| 520 | |a Sin resumen | ||
| 999 | |c 18061 |d 18061 | ||
